000 00343nam a22001457a 4500
003 OSt
005 20220110141119.0
008 220110b |||||||| |||| 00| 0 eng d
020 _a8122411754
040 _cHU
082 _a333.91
100 _aRamulu
_927423
245 _aManagement Of Water Resources In Agriculture
942 _2ddc
_cBOOKS
_n0
999 _c26318
_d26318